<?xml version="1.0" encoding="UTF-8"?>
<record
    xmlns:xsi="http://www.w3.org/2001/XMLSchema-instance"
    xsi:schemaLocation="http://www.loc.gov/MARC21/slim http://www.loc.gov/standards/marcxml/schema/MARC21slim.xsd"
    xmlns="http://www.loc.gov/MARC21/slim">

  <leader>02081cam a2200349 i 4500</leader>
  <controlfield tag="001">991107444483906196</controlfield>
  <controlfield tag="005">20251013161456.0</controlfield>
  <controlfield tag="008">240529t20242021nyu    g      000 f eng d</controlfield>
  <datafield tag="010" ind1=" " ind2=" ">
    <subfield code="a">2024023872</subfield>
  </datafield>
  <datafield tag="020" ind1=" " ind2=" ">
    <subfield code="a">9781250322043</subfield>
  </datafield>
  <datafield tag="024" ind1="4" ind2="0">
    <subfield code="a">90100708955</subfield>
  </datafield>
  <datafield tag="035" ind1=" " ind2=" ">
    <subfield code="a">(OCoLC)1436521271</subfield>
    <subfield code="z">(OCoLC)1375542311</subfield>
    <subfield code="z">(OCoLC)1455331413</subfield>
  </datafield>
  <datafield tag="035" ind1=" " ind2=" ">
    <subfield code="a">(OCoLC)on1436521271</subfield>
  </datafield>
  <datafield tag="040" ind1=" " ind2=" ">
    <subfield code="c">tbs</subfield>
  </datafield>
  <datafield tag="041" ind1="1" ind2=" ">
    <subfield code="a">eng</subfield>
    <subfield code="h">ice</subfield>
  </datafield>
  <datafield tag="050" ind1="0" ind2="0">
    <subfield code="a">PT7513 .H52</subfield>
    <subfield code="b">M9713 2024</subfield>
  </datafield>
  <datafield tag="100" ind1=" " ind2=" ">
    <subfield code="a">Kn&#xFA;tsd&#xF3;ttir, Hildur</subfield>
    <subfield code="d">1984-</subfield>
    <subfield code="e">author</subfield>
    <subfield code="9">26131</subfield>
  </datafield>
  <datafield tag="240" ind1="1" ind2="0">
    <subfield code="a">Myrkri&#xF0; milli stjarnanna.</subfield>
    <subfield code="l">English.</subfield>
  </datafield>
  <datafield tag="245" ind1="1" ind2="4">
    <subfield code="a">The night guest</subfield>
    <subfield code="c">/ Hildur Kn&#xFA;tsd&#xF3;ttir ; translated by Mary Robinette Kowal.</subfield>
  </datafield>
  <datafield tag="250" ind1=" " ind2=" ">
    <subfield code="a">First U.S. edition.</subfield>
  </datafield>
  <datafield tag="260" ind1=" " ind2=" ">
    <subfield code="a">New York, NY :</subfield>
    <subfield code="b">A Nightfire Book, published by Tom Doherty Associates/Tor Publishing Group,</subfield>
    <subfield code="c">2024.</subfield>
  </datafield>
  <datafield tag="300" ind1=" " ind2=" ">
    <subfield code="a">194 pages ;</subfield>
    <subfield code="c">21 cm</subfield>
  </datafield>
  <datafield tag="520" ind1=" " ind2=" ">
    <subfield code="a">Hildur Kn&#xFA;tsd&#xF3;ttir's The Night Guest is an eerie and ensnaring story set in contemporary Reykjav&#xED;k that's sure to keep you awake at night. I&#xF0;unn is in yet another doctor's office. She knows her constant fatigue is a sign that something's not right, but practitioners dismiss her symptoms and blood tests haven't revealed any cause. When she talks to friends and family about it, the refrain is the same--have you tried eating better? Exercising more? Establishing a nighttime routine? She tries to follow their advice, buying everything from vitamins to sleeping pills to a step-counting watch. Nothing helps. Until one night I&#xF0;unn falls asleep with the watch on, and wakes up to find she's walked over 40,000 steps in the night . . . What is happening when she's asleep? Why is she waking up with increasingly disturbing injuries? And why won't anyone believe her?</subfield>
  </datafield>
  <datafield tag="546" ind1=" " ind2=" ">
    <subfield code="a">In English, translated from the Icelandic.</subfield>
  </datafield>
  <datafield tag="650" ind1=" " ind2="0">
    <subfield code="a">Sleep disorders</subfield>
    <subfield code="v">Fiction</subfield>
    <subfield code="9">26117</subfield>
  </datafield>
  <datafield tag="650" ind1=" " ind2="0">
    <subfield code="a">Women</subfield>
    <subfield code="v">Fiction</subfield>
    <subfield code="9">11136</subfield>
  </datafield>
  <datafield tag="650" ind1=" " ind2="0">
    <subfield code="a">Sleepwalking</subfield>
    <subfield code="v">Fiction</subfield>
    <subfield code="9">26132</subfield>
  </datafield>
  <datafield tag="655" ind1=" " ind2="0">
    <subfield code="a">Horror fiction</subfield>
    <subfield code="9">22808</subfield>
  </datafield>
  <datafield tag="655" ind1=" " ind2="0">
    <subfield code="a">Psychological fiction</subfield>
    <subfield code="9">22456</subfield>
  </datafield>
  <datafield tag="700" ind1=" " ind2=" ">
    <subfield code="a">Kowal, Mary Robinette</subfield>
    <subfield code="d">1969-</subfield>
    <subfield code="e">translator</subfield>
    <subfield code="9">26133</subfield>
  </datafield>
  <datafield tag="942" ind1=" " ind2=" ">
    <subfield code="2">lcc</subfield>
  </datafield>
  <datafield tag="952" ind1=" " ind2=" ">
    <subfield code="0">0</subfield>
    <subfield code="1">0</subfield>
    <subfield code="2">lcc</subfield>
    <subfield code="4">0</subfield>
    <subfield code="7">0</subfield>
    <subfield code="a">TBS</subfield>
    <subfield code="b">TBS</subfield>
    <subfield code="d">2025-10-13</subfield>
    <subfield code="l">2</subfield>
    <subfield code="m">1</subfield>
    <subfield code="o">P-EN KNU</subfield>
    <subfield code="p">B07680</subfield>
    <subfield code="r">2026-01-08</subfield>
    <subfield code="s">2026-01-07</subfield>
    <subfield code="t">1</subfield>
    <subfield code="w">2025-10-13</subfield>
    <subfield code="y">1</subfield>
  </datafield>
  <datafield tag="999" ind1=" " ind2=" ">
    <subfield code="c">5038</subfield>
    <subfield code="d">5038</subfield>
  </datafield>
</record>
